000 00908nam a2200253Ia 4500
003 GCL
005 20240530102615.0
008 140319s9999 xx 000 0 ara d
040 _aGCL /
_cGCL
082 0 4 _a001.5
_bأ أ
100 1 _aالترمان، جون ب .
245 1 0 _aاعلام جديد سياسة جديدة :
_bمن القنوات الفضائية الى الانترنت فى العالم العربى /
_cالترمان، جون ب .
250 _aالاولى
260 _aفلسطين :
_bدار الكتاب الجامعى ،
_c2003
300 _a181 ص ؛
_c26 سم
650 0 4 _aالتليفزيون
650 0 4 _aالعلاقات الخارجية
650 0 4 _aالاعلان
650 0 4 _aوسائل الاعلام
650 0 4 _aوكالات الانباء
650 0 4 _aالإنترنت
650 0 4 _aالاعلام - العالم العربى
942 _2ddc
_cBK
999 _c33381
_d33381